Canon minero y ciclo político presupuestal en las municipalidades distritales del Perú, 2002-2011 (Registro nro. 34769)

Detalles MARC
000 -LEADER
fixed length control field 00428 a2200133 4500
001 - CONTROL NUMBER
control field ART_46692
005 - DATE AND TIME OF LATEST TRANSACTION
control field 20260410162040.0
008 - FIXED-LENGTH DATA ELEMENTS--GENERAL INFORMATION
fixed length control field 260409a
100 1# - MAIN ENTRY--PERSONAL NAME
Personal name Pebe, Carol
245 10 - TITLE STATEMENT
Title Canon minero y ciclo político presupuestal en las municipalidades distritales del Perú, 2002-2011
700 1# - ADDED ENTRY--PERSONAL NAME
Personal name Radas, Norally
700 1# - ADDED ENTRY--PERSONAL NAME
Personal name Torres, Javier
773 0# - HOST ITEM ENTRY
Title Revista Cepal
Related parts - Nº 123 (dic. 2017)
Record control number REV45125

No hay ítems disponibles.